000 01161nam a2200313 a 4500
005 20090820111346.0
008 081002s2009 nyu b 001 0 eng
010 _aENG-94752
020 _a9780070147577
_c350.00
020 _a0070147574
_c350.00
035 _aEN-78285
037 _bDBAD / PUB
040 _adpl
_bEnglish
082 _a646.77082
100 _aTitus, Matt
245 _aWhy hasn't he proposed? :
_bgo from the first date to setting the date /
_cby Matt Titus [and] Tamsen Fadal
260 _aNew Delhi
_bTata McGraw-Hill Education
_c2009
270 _a7 West Patel Nagar
_bNew Delhi
_e110008
300 _axvii, 204p.
_c21cm(pbk)
500 _aIncludes bibliographical references and index.
650 _aMan-woman relationships.
650 _aMen
_xPsychology.
650 _aWomen
_xPsychology.
650 _aDating (Social customs)
650 _aBetrothal.
700 _aFadal, Tamsen
942 _2ddc
_cEN
_h646.77082
_mTIT
999 _c29316
_d29316